000 00658nam a22001937a 4500
005 20160107124358.0
010 _a ENG-114319
020 _a978938190312
_c495.00
035 _aEN-97851
037 _bDBAD/PUB
082 _a327.47058
100 _aGanguli, Sreemati
245 _aRussia and the Central Asian republics :
_cby Sreemati Ganguli
_bpost-Soviet engagements /
260 _aNew Delhi
_bKW Publishers
_c2013
270 _a4676/21, First Floor, Ansari Road, Daryaganj
_bNew Delhi
_e110002
300 _axiv,137p.
_c24cm(Hb)
500 _a Includes bibliographical references (pages 121-137).
942 _2ddc
_cEN
_mGAN
_h327.47058
999 _c97814
_d97814